| 000 | 00562nam a22001937a 4500 | ||
|---|---|---|---|
| 003 | OSt | ||
| 005 | 20131128154206.0 | ||
| 008 | 130409s2013 sp ||||| |||| 00| 0 spa d | ||
| 020 | _a9788430602094 | ||
| 040 | _cCDMR | ||
| 100 | 1 |
_9164 _aBassets, Lluís |
|
| 245 | 1 | 3 |
_aEl último que apague la luz _b: sobre la extinción del periodismo _cLluís Bassets |
| 260 |
_aTres Cantos, Madrid _bTaurus _cDL 2013 |
||
| 300 | _a215 p. | ||
| 490 | 0 | _aTaurus Pensamiento | |
| 650 | 0 | 4 |
_92030 _aPeriodisme _xOrientació professional |
| 650 | 0 | 4 |
_91545 _aPremsa |
| 942 |
_2udc _cMON |
||
| 999 |
_c6056 _d6056 |
||